<?xml version="1.0" encoding="UTF-8"?>
<record
    xmlns:xsi="http://www.w3.org/2001/XMLSchema-instance"
    xsi:schemaLocation="http://www.loc.gov/MARC21/slim http://www.loc.gov/standards/marcxml/schema/MARC21slim.xsd"
    xmlns="http://www.loc.gov/MARC21/slim">

  <leader>02029cam a2200373 a 4500</leader>
  <controlfield tag="001">16741757</controlfield>
  <controlfield tag="003">OSt</controlfield>
  <controlfield tag="005">20180116192411.0</controlfield>
  <controlfield tag="008">110419s2012    njuaeo   b    001 0 eng  </controlfield>
  <datafield tag="010" ind1=" " ind2=" ">
    <subfield code="a">  2011016228</subfield>
  </datafield>
  <datafield tag="020" ind1=" " ind2=" ">
    <subfield code="a">9780470908532 (pbk. : alk. paper)</subfield>
  </datafield>
  <datafield tag="040" ind1=" " ind2=" ">
    <subfield code="a">DLC</subfield>
    <subfield code="c">DLC</subfield>
    <subfield code="d">DLC</subfield>
  </datafield>
  <datafield tag="042" ind1=" " ind2=" ">
    <subfield code="a">pcc</subfield>
  </datafield>
  <datafield tag="050" ind1="0" ind2="0">
    <subfield code="a">NA2750</subfield>
    <subfield code="b">.C76 2012</subfield>
  </datafield>
  <datafield tag="082" ind1="0" ind2="0">
    <subfield code="a">720.28</subfield>
    <subfield code="2">22</subfield>
  </datafield>
  <datafield tag="084" ind1=" " ind2=" ">
    <subfield code="a">ARC004000</subfield>
    <subfield code="2">bisacsh</subfield>
  </datafield>
  <datafield tag="100" ind1="1" ind2=" ">
    <subfield code="a">Crowe, Norman.</subfield>
    <subfield code="9">5863</subfield>
  </datafield>
  <datafield tag="245" ind1="1" ind2="0">
    <subfield code="a">Visual notes for architects and designers /</subfield>
    <subfield code="c">Norman Crowe &amp; Paul Laseau.</subfield>
  </datafield>
  <datafield tag="250" ind1=" " ind2=" ">
    <subfield code="a">2nd ed.</subfield>
  </datafield>
  <datafield tag="260" ind1=" " ind2=" ">
    <subfield code="a">Hoboken, N.J. :</subfield>
    <subfield code="b">Wiley,</subfield>
    <subfield code="c">c2012.</subfield>
  </datafield>
  <datafield tag="300" ind1=" " ind2=" ">
    <subfield code="a">viii, 232 p. :</subfield>
    <subfield code="b">ill., plans, photographs ;</subfield>
    <subfield code="c">26 cm.</subfield>
  </datafield>
  <datafield tag="504" ind1=" " ind2=" ">
    <subfield code="a">Includes bibliographical references and index.</subfield>
  </datafield>
  <datafield tag="505" ind1="8" ind2=" ">
    <subfield code="a">Machine generated contents note: Preface.1.Introduction.2. A Guide to Note-Taking.3. A Journal.4. A Collection of Visual Notes.5. Transitions to Design.6. Conclusion.Appendix. Tools and Techniques.Endnotes.Photo Credits.Bibliography.Index.</subfield>
  </datafield>
  <datafield tag="520" ind1=" " ind2=" ">
    <subfield code="a">"This show-by-example sourcebook clearly illustrates proven methods and procedures for keeping a highly useful visual notebook. Visual Notes for Architects and Designers demonstrates how to make rapid, notational sketches that serve as visual records for future reference, as well as improve understanding and facilitate the development of ideas. It shows how to expand knowledge of a subject beyond what is gained through observation or verbal representation alone" --</subfield>
  </datafield>
  <datafield tag="650" ind1=" " ind2="0">
    <subfield code="a">Communication in architectural design.</subfield>
    <subfield code="9">5864</subfield>
  </datafield>
  <datafield tag="650" ind1=" " ind2="0">
    <subfield code="a">Visual perception.</subfield>
    <subfield code="9">5865</subfield>
  </datafield>
  <datafield tag="650" ind1=" " ind2="7">
    <subfield code="a">ARCHITECTURE / Design, Drafting, Drawing &amp; Presentation</subfield>
    <subfield code="2">bisacsh.</subfield>
    <subfield code="9">5866</subfield>
  </datafield>
  <datafield tag="700" ind1="1" ind2=" ">
    <subfield code="a">Laseau, Paul,</subfield>
    <subfield code="d">1937-</subfield>
    <subfield code="9">5867</subfield>
  </datafield>
  <datafield tag="906" ind1=" " ind2=" ">
    <subfield code="a">7</subfield>
    <subfield code="b">cbc</subfield>
    <subfield code="c">orignew</subfield>
    <subfield code="d">1</subfield>
    <subfield code="e">ecip</subfield>
    <subfield code="f">20</subfield>
    <subfield code="g">y-gencatlg</subfield>
  </datafield>
  <datafield tag="942" ind1=" " ind2=" ">
    <subfield code="2">ddc</subfield>
    <subfield code="c">BK</subfield>
  </datafield>
  <datafield tag="999" ind1=" " ind2=" ">
    <subfield code="c">353537</subfield>
    <subfield code="d">353537</subfield>
  </datafield>
  <datafield tag="952" ind1=" " ind2=" ">
    <subfield code="0">0</subfield>
    <subfield code="1">0</subfield>
    <subfield code="2">ddc</subfield>
    <subfield code="4">0</subfield>
    <subfield code="7">0</subfield>
    <subfield code="a">SADA</subfield>
    <subfield code="b">SADA</subfield>
    <subfield code="d">2012-07-20</subfield>
    <subfield code="l">3</subfield>
    <subfield code="m">3</subfield>
    <subfield code="o">720.28 CRO 2012</subfield>
    <subfield code="p">SADA0001738</subfield>
    <subfield code="r">2016-04-12</subfield>
    <subfield code="s">2016-03-24</subfield>
    <subfield code="t">01</subfield>
    <subfield code="v">4610.00</subfield>
    <subfield code="w">2012-08-02</subfield>
    <subfield code="y">BK</subfield>
  </datafield>
  <datafield tag="952" ind1=" " ind2=" ">
    <subfield code="0">0</subfield>
    <subfield code="1">0</subfield>
    <subfield code="2">ddc</subfield>
    <subfield code="4">0</subfield>
    <subfield code="7">0</subfield>
    <subfield code="a">SADA</subfield>
    <subfield code="b">SADA</subfield>
    <subfield code="d">2012-08-06</subfield>
    <subfield code="l">0</subfield>
    <subfield code="o">720.28 CRO 2012</subfield>
    <subfield code="p">SADA0001744</subfield>
    <subfield code="r">2017-01-05</subfield>
    <subfield code="t">02</subfield>
    <subfield code="v">0.00</subfield>
    <subfield code="w">2017-01-05</subfield>
    <subfield code="y">BK</subfield>
  </datafield>
  <datafield tag="952" ind1=" " ind2=" ">
    <subfield code="0">0</subfield>
    <subfield code="1">0</subfield>
    <subfield code="2">ddc</subfield>
    <subfield code="4">0</subfield>
    <subfield code="7">0</subfield>
    <subfield code="a">SADA</subfield>
    <subfield code="b">SADA</subfield>
    <subfield code="d">2012-08-06</subfield>
    <subfield code="l">1</subfield>
    <subfield code="o">720.28 CRO 2012</subfield>
    <subfield code="p">SADA0001745</subfield>
    <subfield code="r">2014-03-10</subfield>
    <subfield code="s">2014-02-27</subfield>
    <subfield code="t">03</subfield>
    <subfield code="v">0.00</subfield>
    <subfield code="w">2012-08-08</subfield>
    <subfield code="y">BK</subfield>
  </datafield>
  <datafield tag="952" ind1=" " ind2=" ">
    <subfield code="0">0</subfield>
    <subfield code="1">0</subfield>
    <subfield code="2">ddc</subfield>
    <subfield code="4">0</subfield>
    <subfield code="7">0</subfield>
    <subfield code="a">SADA</subfield>
    <subfield code="b">SADA</subfield>
    <subfield code="d">2012-08-06</subfield>
    <subfield code="l">1</subfield>
    <subfield code="o">720.28 CRO 2012</subfield>
    <subfield code="p">SADA0001746</subfield>
    <subfield code="r">2013-01-21</subfield>
    <subfield code="s">2013-01-03</subfield>
    <subfield code="t">04</subfield>
    <subfield code="v">0.00</subfield>
    <subfield code="w">2012-08-08</subfield>
    <subfield code="y">BK</subfield>
  </datafield>
  <datafield tag="952" ind1=" " ind2=" ">
    <subfield code="0">0</subfield>
    <subfield code="1">0</subfield>
    <subfield code="2">ddc</subfield>
    <subfield code="4">0</subfield>
    <subfield code="7">0</subfield>
    <subfield code="a">SADA</subfield>
    <subfield code="b">SADA</subfield>
    <subfield code="d">2012-08-06</subfield>
    <subfield code="l">0</subfield>
    <subfield code="o">720.28 CRO 2012</subfield>
    <subfield code="p">SADA0001747</subfield>
    <subfield code="r">2017-01-05</subfield>
    <subfield code="t">05</subfield>
    <subfield code="v">0.00</subfield>
    <subfield code="w">2017-01-05</subfield>
    <subfield code="y">BK</subfield>
  </datafield>
  <datafield tag="952" ind1=" " ind2=" ">
    <subfield code="0">0</subfield>
    <subfield code="1">0</subfield>
    <subfield code="2">ddc</subfield>
    <subfield code="4">0</subfield>
    <subfield code="7">0</subfield>
    <subfield code="a">SADA</subfield>
    <subfield code="b">SADA</subfield>
    <subfield code="d">2012-08-06</subfield>
    <subfield code="l">3</subfield>
    <subfield code="m">1</subfield>
    <subfield code="o">720.28 CRO 2012</subfield>
    <subfield code="p">SADA0001748</subfield>
    <subfield code="r">2024-10-21</subfield>
    <subfield code="s">2024-10-07</subfield>
    <subfield code="t">06</subfield>
    <subfield code="v">0.00</subfield>
    <subfield code="w">2012-08-08</subfield>
    <subfield code="y">BK</subfield>
  </datafield>
</record>
